01619nam a2200397 i 450000100060000000300080000600500170001400600190003100700150005000800410006502000180010603500220012404000310014605000230017708000070020008200150020724501440022226401030036630000410046933600310051033700330054133800430057458800830061759001620070065000250086265000260088765000260091365000310093965000330097065500270100370000480103070000450107879700180112385600630114199900170120437448FINmELB20241216221512.0m o d | cr cnu||||||||210614s2018 mx o 000 0 spa d z9786079823528 a(OCoLC)1257035825 aFINmELBbspaerdacFINmELB 4aLB1028b.M486 2018 a3704a370.7222300aMétodos cualitativos de investigación en educación /cMaría Isabel Arbesú García, José Luis Menéndez Varela, coordinadores. 1aCiudad de México :bUniversidad Autónoma Metropolitana. Unidad Xochimilco ; :bNewton,c[2018] a1 recurso en línea (183 páginas) atextobtxt2rdacontent/spa acomputadorabc2rdamedia/spa arecurso en líneabcr2rdacarrier/spa aDescripción basada en metadatos suministrados por el editor y otras fuentes. aRecurso electrónico. Santa Fe, Arg.: elibro, 2021. Disponible vía World Wide Web. El acceso puede estar limitado para las bibliotecas afiliadas a elibro. 0aEducationxResearch. 0aQualitative research. 4aEducación superior. 4aInvestigación educativa. 4aInvestigación cualitativa. 4aLibros electrónicos.1 aArbesú García, María Isabel,eeditor.1 aMenéndez Varela, José Luis,eeditor.2 aelibro, Corp.40uhttps://elibro.net/ereader/politecnicointernacional/131919 c37448d37448